00520nam a2200193 a 4500001001300000003000900013005001700022008004100039020002300080082001500103100001900118245005800137260003200195300000900227500003500236505001000271650002600281650001900307nice12345678IN_TiNIC20260116014223.0070417s2006 dela grp 000 0 eng  a8189013807 c59500a305.3bWEL aWelchman, Lynn aHonourb Crime, Paradigms, and Violence Against Women aDelhibKali for Womenc2006 a384p aincludes index and biblioraphy2 aindex aGender Discrimination aWomen-Violence